Größte Pokémon - Statistiken

Allgemein
  • Dieses Quiz wurde 51 mal gespielt
    5 seit der letzten Aktualisierung
  • Das Durchschnittsergebnis liegt bei 22 aus 76
Antwortstatistiken
Größe Pokémon % Korrekt
5,4 m Dialga
100%
7,0 m Dialga (Urform)
100%
20,0 m Endynalos
100%
6,5 m Garados
100%
6,9 m Giratina (Urform)
100%
4,5 m Giratina (Wandelform)
100%
6,5 m Mega-Garados
100%
10,5 m Mega-Stahlos
100%
8,8 m Onix
100%
4,2 m Palkia
100%
6,3 m Palkia (Urform)
100%
9,2 m Stahlos
100%
14,5 m Wailord
100%
3,5 m Arbok
50%
3,2 m Arceus
50%
3,5 m Groudon
50%
3,8 m Ho-Oh
50%
3,5 m Koraidon
50%
4,5 m Kyogre
50%
3,0 m Kyurem
50%
5,2 m Lugia
50%
10,8 m Mega-Rayquaza
50%
6,2 m Milotic
50%
3,5 m Miraidon (Kompletter Modus)
50%
5,0 m Proto-Groudon
50%
9,8 m Proto-Kyogre
50%
7,0 m Rayquaza
50%
3,7 m Regigigas
50%
3,2 m Reshiram
50%
3,3 m Schwarzes Kyurem
50%
3,6 m Weißes Kyurem
50%
5,0 m 50%-Zygarde
0%
3,6 m Agoyon
0%
10,9 m Alola-Kokowei
0%
4,0 m Dragonir
0%
4,5 m Dummimisel (Dreisegmentform)
0%
3,6 m Dummimisel (Zweisegmentform)
0%
6,5 m Entfesseltes Hoopa
0%
3,2 m Farigiraf
0%
5,2 m Furienblitz
0%
3,0 m Galar-Smogmog
0%
12,0 m Heerashai
0%
3,0 m Infernopod
0%
9,2 m Kaguron
0%
3,0 m Katapuldra
0%
3,5 m Keilflamme
0%
4,5 m Kolowal
0%
3,2 m Kriechflügel
0%
3,0 m Legios
0%
4,0 m Lunala
0%
8,2 m Lusardin (Schwarmform)
0%
3,2 m Mega-Cerapendra
0%
3,0 m Mega-Darkrai
0%
4,0 m Mega-Golgantes
0%
4,5 m Mega-Sarzenia
0%
3,0 m Mega-Sen-Long
0%
3,0 m Mega-Zapplarang
0%
7,7 m Mega-Zygarde
0%
3,9 m Moruda
0%
5,5 m Muramura
0%
3,8 m Necrozma (Abendmähne)
0%
4,2 m Necrozma (Morgenschwingen)
0%
3,0 m Patinaraja
0%
3,0 m Salmagnis
0%
3,8 m Sanaconda
0%
5,5 m Schlingking
0%
3,0 m Sen-Long
0%
3,3 m Serpiroyal
0%
3,4 m Solgaleo
0%
7,5 m Ultra-Necrozma
0%
3,0 m Voltolos (Tiergeistform)
0%
3,8 m Voltriant
0%
3,5 m Windewoge
0%
3,0 m Xerneas
0%
5,8 m Yveltal
0%
4,5 m Zygarde (Optimumform)
0%
Keine übereinstimmenden Quizze gefunden
Verteilung der Resultate
Anzahl Personen mit jedem Resultat
Perzentil nach korrekt beantworteten Fragen
Ihre Resultats-Entwicklung
Sie haben dieses Quiz seit der letzten Aktualisierung nicht gespielt